|
|
|
|
| LEADER |
02784nam a2200685 4500 |
| 001 |
ocn902987053 |
| 003 |
OCoLC |
| 005 |
20170124070610.2 |
| 006 |
m o d |
| 007 |
cr ||||||||||| |
| 008 |
150206s2015 nju ob 001 0 eng |
| 010 |
|
|
|a 2015005334
|
| 040 |
|
|
|a DLC
|b eng
|e rda
|e pn
|c DLC
|d YDX
|d N$T
|d EBLCP
|d DG1
|d RECBK
|d YDXCP
|d IDEBK
|d E7B
|d OCLCF
|d CDX
|d OCLCQ
|d VRC
|d OCLCA
|d OCLCQ
|d OCLCO
|d OCLCQ
|d DG1
|d CCO
|d GrThAP
|
| 019 |
|
|
|a 909856023
|a 959272314
|
| 020 |
|
|
|a 9781118925201
|q (epub)
|
| 020 |
|
|
|a 1118925203
|q (epub)
|
| 020 |
|
|
|a 9781118925218
|q (pdf)
|
| 020 |
|
|
|a 1118925211
|q (pdf)
|
| 020 |
|
|
|a 9781118925225
|
| 020 |
|
|
|a 111892522X
|
| 020 |
|
|
|z 9781118870211
|q (cloth)
|
| 035 |
|
|
|a (OCoLC)902987053
|z (OCoLC)909856023
|z (OCoLC)959272314
|
| 037 |
|
|
|a 786046
|b MIL
|
| 042 |
|
|
|a pcc
|
| 050 |
0 |
0 |
|a RK521
|
| 060 |
1 |
0 |
|a WU 18.2
|
| 072 |
|
7 |
|a MED
|x 016030
|2 bisacsh
|
| 082 |
0 |
0 |
|a 617.6/43
|2 23
|
| 049 |
|
|
|a MAIN
|
| 100 |
1 |
|
|a Southard, Thomas E.,
|e author.
|
| 245 |
1 |
0 |
|a Orthodontics in the vertical dimension :
|b a case-based review /
|c Thomas E. Southard, Steven D. Marshall, Laura L. Bonner.
|
| 264 |
|
1 |
|a Hoboken, New Jersey :
|b Wiley Blackwell,
|c [2015]
|
| 300 |
|
|
|a 1 online resource.
|
| 336 |
|
|
|a text
|b txt
|2 rdacontent
|
| 337 |
|
|
|a computer
|b c
|2 rdamedia
|
| 338 |
|
|
|a online resource
|b cr
|2 rdacarrier
|
| 500 |
|
|
|a Includes index.
|
| 505 |
0 |
|
|a Foundations -- Dental deep bites -- Skeletal deep bites -- Dental anterior open bites -- Skeletal anterior open bites -- Posterior open bites.
|
| 588 |
0 |
|
|a Print version record and CIP data provided by publisher.
|
| 504 |
|
|
|a Includes bibliographical references and index.
|
| 650 |
|
0 |
|a Orthodontics
|v Case studies.
|
| 650 |
|
0 |
|a Malocclusion
|v Case studies.
|
| 650 |
|
7 |
|a MEDICAL
|x Dentistry
|x Orthodontics.
|2 bisacsh
|
| 650 |
|
7 |
|a Malocclusion.
|2 fast
|0 (OCoLC)fst01006805
|
| 650 |
|
7 |
|a Orthodontics.
|2 fast
|0 (OCoLC)fst01048469
|
| 650 |
|
2 |
|a Malocclusion
|v Case Reports.
|
| 650 |
|
2 |
|a Malocclusion
|v Problems and Exercises.
|
| 650 |
|
2 |
|a Orthodontics
|x methods
|v Case Reports.
|
| 650 |
|
2 |
|a Orthodontics
|x methods
|v Problems and Exercises.
|
| 650 |
|
2 |
|a Vertical Dimension
|v Case Reports.
|
| 650 |
|
2 |
|a Vertical Dimension
|v Problems and Exercises.
|
| 655 |
|
2 |
|a Case Reports.
|
| 655 |
|
2 |
|a Problems and Exercises.
|
| 655 |
|
4 |
|a Electronic books.
|
| 655 |
|
7 |
|a Case studies.
|2 fast
|0 (OCoLC)fst01423765
|
| 700 |
1 |
|
|a Marshall, Steven D.,
|e author.
|
| 700 |
1 |
|
|a Bonner, Laura L.,
|e author.
|
| 776 |
0 |
8 |
|i Print version:
|a Southard, Thomas E., author.
|t Orthodontics in the vertical dimension.
|d Hoboken, New Jersey : John Wiley and Sons, Inc., [2015]
|z 9781118870211
|w (DLC) 2015004424
|
| 856 |
4 |
0 |
|u https://doi.org/10.1002/9781118925225
|z Full Text via HEAL-Link
|
| 994 |
|
|
|a 92
|b DG1
|